000 00272nam a22001217a 4500
008 170316b xxu||||| |||| 00| 0 eng d
041 _aeng
080 _a616.8
100 _a7
101 _aSHM
245 _aNEUROSURGICAL OPERATIVE ATLAS
_cRENGACHARY.S.S
942 _2udc
_cBK
999 _c8035
_d8035